Vplyvy deľby práce a priestoru na formovanie a intenzitný rast výrobno-technickej základne odvetvia stavebnej výroby kandidátska dizertačná práca

Na minha lista:
Detalhes bibliográficos
Autor principal: Pařízek, Ladislav
Autor Corporativo: Vysoká škola ekonomická v Bratislave. Fakulta riadenia
Outros Autores: Húska, Augustín Marián
Formato: Livro
Idioma:eslovaco
Publicado em: Bratislava 1983
Tags: Adicionar Tag
Sem tags, seja o primeiro a adicionar uma tag!

MARC

LEADER 00000nam a2200000 4500
001 c132690
005 20230116082003.2
041 0 |a slo 
044 |a SK 
245 1 0 |a Vplyvy deľby práce a priestoru na formovanie a intenzitný rast výrobno-technickej základne odvetvia stavebnej výroby  |b kandidátska dizertačná práca  |c Ladislav Pařízek ; M. Augustín Huska 
264 1 |a Bratislava  |c 1983 
300 |a 144 s. 
100 1 |a Pařízek, Ladislav 
700 1 |a Húska, Augustín Marián 
710 2 |a Vysoká škola ekonomická v Bratislave. Fakulta riadenia